| 000 | 01131nam a22001817a 4500 | ||
|---|---|---|---|
| 003 | JO-AjAnu | ||
| 005 | 20231209104938.0 | ||
| 008 | 231209b jo ||||| |||| 00| 0 ara d | ||
| 040 |
_aJO-AjAnu _bara _cJO-AjAnu _dANU |
||
| 100 |
_aالصمادي، ضحى مخلص علي _964718 _eمعد |
||
| 245 |
_aمستوى عسر القراءة (الديسلكسيا) لدى الطلبة ذوي صعوبات التعلم في المدارس الدامجة وعلاقته بتقدير الذات = The Level of Dyslexia Among Students with Learning Disabilities in Inclusive Schools and its Relationship to Self-esteem _c / اعداد ضحى مخلص علي الصمادي؛ اشراف محمد احمد العمري |
||
| 260 |
_aعجلون : _bجامعة عجلون الوطنية، _c2023 |
||
| 300 | _a134 ورقه | ||
| 500 | _aرسالة جامعية (ماجستير) - جامعة عجلون الوطنية، 2023 تحتوي على استبيان وجداول توضيحية | ||
| 650 | _vمستوى عسر القراءة-صعوبات التعلم | ||
| 700 |
_aمحمد احمد العمري _964719 _eمشرف |
||
| 942 |
_2lcc _cTHS _n0 |
||
| 999 |
_c33252 _d33252 |
||